驻地最靠西的20个县级行政区 The 20 westernmost county-level administrative regions - Statistics

General Stats
  • This quiz has been taken 34 times
  • The average score is 13 of 20
Answer Stats
东经 北纬 县区 % Correct
75.99 39.47 喀什市
96%
76.16 39.72 阿图什市
89%
75.23 37.77 塔什库尔干塔吉克自治县
85%
77.41 37.88 叶城县
74%
75.94 39.15 阿克陶县
70%
76.82 39.22 岳普湖县
70%
77.22 38.39 莎车县
70%
75.26 39.72 乌恰县
67%
75.86 39.37 疏附县
67%
76.17 38.93 英吉沙县
67%
76.72 39.49 伽师县
67%
78.40 40.94 阿合奇县
67%
79.07 39.87 图木舒克市
67%
76.05 39.40 疏勒县
63%
77.26 38.19 泽普县
63%
77.61 38.90 麦盖提县
63%
78.28 37.58 皮山县
56%
78.55 39.80 巴楚县
56%
79.05 40.50 柯坪县
37%
78.03 36.35 和康县
30%
No matching quizzes found
Score Distribution
Percent of People with Each Score
Percentile by Number Answered
Your Score History
You have not taken this quiz